LEADER 00936nam 2200289 450 001 996716287503316 005 20260409172647.0 100 $a20260409d1961----km y0itay5003 ba 101 0 $aeng 102 $aGB 105 $ay 00 y 200 1 $a<> theory of economic development$ean inquiry into profits, capital, credit, interest, and the business cycle$fJoseph A. Schumpeter ; translated by Redvers Opie 210 $aCambridge$cHarvard University Press$d1961 215 $axii, 255 p.$d22 cm 225 2 $aHarvard economic studies$v46 410 0$12001$aHarvard economic studies$v46 606 0 $aEconomia$2BNCF 676 $a330 700 1$aSCHUMPETER,$bJoseph A.$050457 702 1$aOPIE,$bRedvers 801 0$aIT$bcba$gREICAT 912 $a996716287503316 951 $aXVI.8. 941$bFAVAG$cXVI.8.$d372512 959 $aBK 969 $aFAVAG 996 $aTheory of economic development$9817327 997 $aUNISA